Traité de mécanique (Record no. 151059)

MARC details
000 -LEADER
campo de control de longitud fija 01138nam a2200241 i 4500
001 - NÚMERO DE CONTROL
campo de control 151059
003 - IDENTIFICADOR DE NÚMERO DE CONTROL
campo de control ES-MaACL
005 - FECHA Y HORA DE LA ÚLTIMA TRANSACCIÓN
campo de control 20230906203823.0
007 - CAMPO FIJO DE DESCRIPCIÓN FÍSICA--INFORMACIÓN GENERAL
campo de control de longitud fija t|
008 - DATOS DE LONGITUD FIJA--INFORMACIÓN GENERAL
campo de control de longitud fija 071204m18881898fr ||||1| fre d
100 1# - ENTRADA PRINCIPAL--NOMBRE DE PERSONA
Nombre de persona Arnal, Louis-Marius.
9 (RLIN) 23031
245 10 - MENCIÓN DEL TÍTULO
Título Traité de mécanique
Resto del título : statique, cinématique... /
Mención de responsabilidad, etc. par L. Arnal [tomo IV: par L. Arnal et Gustave Gauthier].
260 ## - PUBLICACIÓN, DISTRIBUCIÓN, ETC.
Lugar de publicación, distribución, etc. Paris :
Nombre del editor, distribuidor, etc. H. Chairgrasse Fils,
Fecha de publicación, distribución, etc. [1888-1898] (
Lugar de fabricación/manufactura Tours :
Fabricante Imp. Deslis Frères)
300 ## - DESCRIPCIÓN FÍSICA
Extensión 4 v. ;
Dimensiones 27 cm.
490 1# - MENCIÓN DE SERIE
Mención de serie Enciclopédie théorique et pratique des connaissances civiles et militaires
500 ## - NOTA GENERAL
Nota general Fecha tomada de la Biblioteca Nacional Francesa.
500 ## - NOTA GENERAL
Nota general A partir del t. II., editado por Fanchon et Artur.
505 8# - NOTA DE CONTENIDO CON FORMATO
Nota de contenido con formato Contiene: Vol. I. Statique et cinematique -- vol. II. Dynamique et hydraulique -- vol. III. Statique graphique et resistence des materiaux -- vol. IV. Chauliers a vapeur, moteurs a vapeur et gaz
700 1# - ENTRADA AGREGADA--NOMBRE PERSONAL
Nombre de persona Gauthier, Gustave.
9 (RLIN) 56032
830 0# - PUNTO DE ACCESO ADICIONAL DE SERIE-TÍTULO UNIFORME
Título uniforme Enciclopédie théorique et pratique des connaissances civiles et militaires
9 (RLIN) 221191
852 ## - LOCALIZACIÓN
Ubicación ES-MaACL
Número de control de estantería G-7774-7
Holdings
Estatus retirado Estado de pérdida Estado de daño No para préstamo Colección Biblioteca de origen Biblioteca actual Ubicación en estantería Fecha de adquisición Fuente de adquisición Total de préstamos Signatura topográfica completa Código de barras Visto por última vez Precio de reemplazo Tipo de ítem Koha
        Libros del s. XIX Biblioteca del Ateneo de Madrid Biblioteca del Ateneo de Madrid Sala Pecera Planta 3 17/01/2008     G-7774-7 1157626 23/02/2023 23/02/2023 Libro impreso antiguo